000
00237nam a22000857a 4500
003
SGT
245
_a
CHINESE JOURNAL OF MECHANICAL ENGINEERING (JAN, MARCH, MAY)
260
_a
NEW DELHI
_b
EDUCATIONAL COMMITTEE OF CHINA
_c
2011
942
_2
ddc
_c
BV
999
_c
16959
_d
16959